Textbook Of Electrical Technology In SIUnits Vol.II: AC And DC Machines (Record no. 130596)

MARC details
000 -LEADER
fixed length control field 00539nam a2200181Ia 4500
008 - FIXED-LENGTH DATA ELEMENTS--GENERAL INFORMATION
fixed length control field 230312s9999 xx 000 0 und d
041 ## - LANGUAGE CODE
Language code of text/sound track or separate title eng
082 ## - DEWEY DECIMAL CLASSIFICATION NUMBER
Classification number 621.37
Item number 621.37/The/033372
100 ## - MAIN ENTRY--PERSONAL NAME
Personal name Theraja B.L.
9 (RLIN) 126181
245 ## - TITLE STATEMENT
Title Textbook Of Electrical Technology In SIUnits Vol.II: AC And DC Machines
260 ## - PUBLICATION, DISTRIBUTION, ETC. (IMPRINT)
Date of publication, distribution, etc. 2009
Name of publisher, distributor, etc. S. Chand & Company
300 ## - PHYSICAL DESCRIPTION
Extent 865 To 1568
365 ## - TRADE PRICE
Currency code Rs.
Price amount 375.00
700 ## - ADDED ENTRY--PERSONAL NAME
Personal name TherajaA.K.
9 (RLIN) 137401
710 ## - ADDED ENTRY--CORPORATE NAME
Corporate name or jurisdiction name as entry element Theraja B.L. & Theraja A.K.
9 (RLIN) 137402
906 ## - LOCAL DATA ELEMENT F, LDF (RLIN)
b 318.75

No items available.